[Event "IBCA-ol blind 17th"]
[Site "Vrnjacka Banja"]
[Date "2025.06.21"]
[Round "5.4"]
[White "Nikac, Predrag"]
[Black "Pulvett Marin, Daniel Eduardo"]
[Result "0-1"]
[WhiteElo "2229"]
[BlackElo "2479"]
[PlyCount "72"]
[EventDate "2025.06.17"]
[EventType "team-swiss"]
[EventRounds "9"]
[EventCountry "SRB"]
[SourceTitle "CB27_2025"]
[SourceDate "2025.07.02"]
[SourceVersion "1"]
[SourceVersionDate "2025.07.02"]
[SourceQuality "1"]
[WhiteTeam "Montenegro"]
[BlackTeam "Spain"]
[WhiteTeamCountry "MNE"]
[BlackTeamCountry "ESP"]

1. e4 c5 2. Nc3 d6 3. Nge2 g6 4. g3 Bg7 5. Bg2 Nc6 6. 0-0 h5 7. h3 h4 8. g4 f5 9. g5 e5 10. f4 Be6 11. exf5 gxf5 12. Nd5 e4 13. Nec3 Nce7 14. Nxe7 Nxe7 15. d3 d5 16. Ne2 Qd7 17. c3 d4 18. c4 Rd8 19. Kh2 0-0 20. Ng1 b5 21. b3 exd3 22. Ba3 Bxc4 23. Bxc5 Rfe8 24. Qh5 Bf7 25. Qxh4 Ng6 26. Qg3 Re3 27. Nf3 Rc8 28. Bb4 Rc2 29. Kg1 Qc7 30. Rf2 Nxf4 31. Rxc2 dxc2 32. Kh2 Re2 33. Ba5 c1Q 34. Bxc7 Qxc7 35. Rg1 Bd5 36. Kh1 Be5 0-1

[Event "MNT-ch 77th"]
[Site "Podgorica"]
[Date "2025.02.05"]
[Round "7"]
[White "Nikac, Predrag"]
[Black "Vlatkovic, Milos"]
[Result "1/2-1/2"]
[WhiteElo "2236"]
[BlackElo "2290"]
[PlyCount "61"]
[EventDate "2025.01.31"]
[EventType "swiss"]
[EventRounds "11"]
[EventCountry "MNE"]
[SourceTitle "CB07_2025"]
[SourceDate "2025.02.12"]
[SourceVersion "1"]
[SourceVersionDate "2025.02.12"]
[SourceQuality "1"]

1. g3 d5 2. Bg2 e5 3. c4 d4 4. d3 c5 5. b4 cxb4 6. a3 Nc6 7. Nf3 Nf6 8. 0-0 bxa3 9. Bxa3 Bxa3 10. Nxa3 0-0 11. Qb3 Nd7 12. Nc2 Rb8 13. Nb4 Nc5 14. Qa3 Nxb4 15. Qxb4 Qc7 16. Rxa7 Bd7 17. Rb1 Ra8 18. Qa3 Rxa7 19. Qxa7 Qd6 20. Rb6 Bc6 21. Nd2 Qh6 22. Bxc6 Qxd2 23. Bf3 e4 24. dxe4 d3 25. Rb1 dxe2 26. Bxe2 Qxe2 27. Qxc5 Qxe4 28. Qb5 Rc8 29. Qxb7 Qxc4 30. Qd7 g6 31. Qa7 1/2-1/2

[Event "MNT-ch 77th"]
[Site "Podgorica"]
[Date "2025.02.03"]
[Round "5"]
[White "Nikac, Predrag"]
[Black "Rovcanin, Zeljko"]
[Result "1-0"]
[WhiteElo "2236"]
[BlackElo "2065"]
[PlyCount "77"]
[EventDate "2025.01.31"]
[EventType "swiss"]
[EventRounds "11"]
[EventCountry "MNE"]
[SourceTitle "CB07_2025"]
[SourceDate "2025.02.12"]
[SourceVersion "1"]
[SourceVersionDate "2025.02.12"]
[SourceQuality "1"]

1. g3 e5 2. c4 c6 3. Bg2 Nf6 4. d4 Bb4+ 5. Bd2 Bxd2+ 6. Qxd2 exd4 7. Qxd4 0-0 8. Nc3 Qb6 9. 0-0-0 d5 10. cxd5 Nxd5 11. Nxd5 cxd5 12. Qxb6 axb6 13. Bxd5 Nd7 14. Nf3 Nf6 15. Bb3 Ne4 16. Rd4 Bf5 17. Rf1 Rfc8+ 18. Kd1 Bh3 19. Rxe4 Bxf1 20. Re7 Rd8+ 21. Ke1 Bh3 22. Rxf7 Kh8 23. Ne5 Re8 24. f4 Be6 25. Bxe6 Rxe6 26. Rxb7 h5 27. a3 g6 28. Nc4 Ra6 29. Kd2 Kg8 30. Kd3 Kf8 31. e4 Ke8 32. e5 Rc6 33. b3 Kd8 34. a4 Kc8 35. Rg7 Kb8 36. Nd6 Ra5 37. Rxg6 Rd5+ 38. Ke4 Rd2 39. f5 1-0

[Event "Niksic op"]
[Site "Niksic"]
[Date "2024.07.25"]
[Round "5"]
[White "Nikac, Predrag"]
[Black "Ljeskovic, Luka"]
[Result "1-0"]
[WhiteElo "2235"]
[BlackElo "1934"]
[PlyCount "74"]
[EventDate "2024.07.23"]
[EventType "swiss"]
[EventRounds "5"]
[EventCountry "MNE"]
[SourceTitle "CBM 221 Extra"]
[Source "ChessBase"]
[SourceDate "2024.09.30"]
[SourceVersion "1"]
[SourceVersionDate "2024.09.30"]
[SourceQuality "1"]

1. g3 d5 2. Bg2 e5 3. c4 c6 4. cxd5 cxd5 5. d3 Bc5 6. Nf3 Nc6 7. 0-0 Nge7 8. Nxe5 Nxe5 9. d4 Bd6 10. dxe5 Bxe5 11. Nd2 0-0 12. Nf3 Bf6 13. Qb3 a5 14. Be3 a4 15. Qa3 Nc6 16. Rfd1 Qa5 17. Nd4 Be6 18. Rac1 Nxd4 19. Bxd4 Bxd4 20. Rxd4 Rfc8 21. Rcd1 Rc2 22. Bxd5 Rxe2 23. Bxb7 Re1+ 24. Rxe1 Qxe1+ 25. Kg2 Rb8 26. Qd6 Rf8 27. Rxa4 h5 28. b3 Qb1 29. Be4 Qc1 30. Qf4 Qc8 31. h4 Bh3+ 32. Kh2 Bf1 33. Qf5 Qxf5 34. Bxf5 g6 35. Be4 Kg7 36. Ra8 Rxa8 37. Bxa8 Be2 1-0

[Event "Niksic op"]
[Site "Niksic"]
[Date "2024.07.25"]
[Round "4"]
[White "Nikac, Predrag"]
[Black "Vojicic, Nikola"]
[Result "1-0"]
[WhiteElo "2235"]
[BlackElo "1625"]
[PlyCount "47"]
[EventDate "2024.07.23"]
[EventType "swiss"]
[EventRounds "5"]
[EventCountry "MNE"]
[SourceTitle "CBM 221 Extra"]
[Source "ChessBase"]
[SourceDate "2024.09.30"]
[SourceVersion "1"]
[SourceVersionDate "2024.09.30"]
[SourceQuality "1"]

1. e4 c5 2. Nf3 d6 3. d4 cxd4 4. Nxd4 Nf6 5. Nc3 g6 6. Bc4 Bg7 7. f3 Nc6 8. Be3 0-0 9. Qd2 Bd7 10. 0-0-0 Rc8 11. Nxc6 Bxc6 12. Bb3 a5 13. a4 b6 14. h4 h5 15. Bh6 Rb8 16. g4 b5 17. Qg5 e6 18. Bxg7 Kxg7 19. axb5 Bxb5 20. Nxb5 Nxe4 21. fxe4 Qxg5+ 22. hxg5 Rxb5 23. gxh5 Rxg5 24. hxg6 1-0

[Event "Niksic op"]
[Site "Niksic"]
[Date "2024.07.24"]
[Round "3"]
[White "Mandic, Stefan"]
[Black "Nikac, Predrag"]
[Result "1-0"]
[WhiteElo "1999"]
[BlackElo "2235"]
[PlyCount "91"]
[EventDate "2024.07.23"]
[EventType "swiss"]
[EventRounds "5"]
[EventCountry "MNE"]
[SourceTitle "CBM 221 Extra"]
[Source "ChessBase"]
[SourceDate "2024.09.30"]
[SourceVersion "1"]
[SourceVersionDate "2024.09.30"]
[SourceQuality "1"]

1. e4 c5 2. Nf3 Nc6 3. d4 cxd4 4. Nxd4 e5 5. Nb5 d6 6. c4 Nf6 7. N1c3 a6 8. Na3 Be7 9. Be2 Be6 10. Be3 0-0 11. 0-0 Rc8 12. f3 Nh5 13. Nd5 Bxd5 14. cxd5 Nb8 15. Qd2 Nf4 16. Rfc1 Rxc1+ 17. Rxc1 Nxe2+ 18. Qxe2 Nd7 19. b4 f5 20. exf5 Rxf5 21. Nc4 Bf8 22. Na5 b5 23. a4 Qh4 24. Nc6 bxa4 25. Qxa6 e4 26. Qc4 Rh5 27. Qxe4 Qxh2+ 28. Kf2 Ne5 29. b5 g6 30. b6 Rh4 31. Qc2 Nd7 32. b7 Rh3 33. Bf4 Qxf4 34. gxh3 Qh2+ 35. Ke1 Qg1+ 36. Ke2 Qg2+ 37. Kd3 Qxf3+ 38. Kc4 Nb6+ 39. Kb5 Nd7 40. Qc4 Qf2 41. Qd4 Qe2+ 42. Kxa4 Qa6+ 43. Na5 Bg7 44. Rc8+ Kf7 45. Qf4+ Ke7 46. Rc7 1-0

[Event "Niksic op"]
[Site "Niksic"]
[Date "2024.07.23"]
[Round "1"]
[White "Adzic, Jovan"]
[Black "Nikac, Predrag"]
[Result "0-1"]
[WhiteElo "1616"]
[BlackElo "2235"]
[PlyCount "34"]
[EventDate "2024.07.23"]
[EventType "swiss"]
[EventRounds "5"]
[EventCountry "MNE"]
[SourceTitle "CBM 221 Extra"]
[Source "ChessBase"]
[SourceDate "2024.09.30"]
[SourceVersion "1"]
[SourceVersionDate "2024.09.30"]
[SourceQuality "1"]

1. d4 c5 2. dxc5 Nf6 3. c4 Na6 4. Nc3 Nxc5 5. Nf3 g6 6. b3 Bg7 7. Bb2 Nfe4 8. Qc2 Qa5 9. Rc1 d5 10. a3 d4 11. b4 dxc3 12. bxa5 cxb2 13. Rd1 Bc3+ 14. Nd2 Bf5 15. g4 b1Q 16. Qxb1 Nxd2 17. Qb5+ Bd7 0-1

[Event "IBCA EU-ch blind"]
[Site "Ploiesti"]
[Date "2024.06.24"]
[Round "9"]
[White "Yatsishin, Ivan"]
[Black "Nikac, Predrag"]
[Result "0-1"]
[WhiteElo "2016"]
[BlackElo "2246"]
[PlyCount "54"]
[EventDate "2024.06.16"]
[EventType "swiss"]
[EventRounds "9"]
[EventCountry "ROU"]
[SourceTitle "CBM 220 Extra"]
[Source "ChessBase"]
[SourceDate "2024.07.31"]
[SourceVersion "1"]
[SourceVersionDate "2024.07.31"]
[SourceQuality "1"]

1. e4 c5 2. Nf3 Nc6 3. d4 cxd4 4. Nxd4 e5 5. Nb5 d6 6. N1c3 a6 7. Na3 b5 8. Nd5 Nge7 9. c4 Nxd5 10. exd5 Nd4 11. cxb5 Qh4 12. Be3 Nf5 13. Nc2 Be7 14. bxa6 0-0 15. Bd3 Nxe3 16. Nxe3 f5 17. g3 Qf6 18. Qc2 e4 19. Bc4 Rxa6 20. Bxa6 Bxa6 21. Rc1 f4 22. Nc4 fxg3 23. Qe2 g2 24. Rg1 Qh6 25. Rc3 Qxh2 26. Rxg2 Qxg2 27. Rg3 Qh1+ 0-1

[Event "IBCA EU-ch blind"]
[Site "Ploiesti"]
[Date "2024.06.20"]
[Round "5"]
[White "Novikovas, Anatolijus"]
[Black "Nikac, Predrag"]
[Result "0-1"]
[WhiteElo "1830"]
[BlackElo "2246"]
[PlyCount "56"]
[EventDate "2024.06.16"]
[EventType "swiss"]
[EventRounds "9"]
[EventCountry "ROU"]
[SourceTitle "CBM 220 Extra"]
[Source "ChessBase"]
[SourceDate "2024.07.31"]
[SourceVersion "1"]
[SourceVersionDate "2024.07.31"]
[SourceQuality "1"]

1. Nf3 g6 2. e4 c6 3. d4 d5 4. e5 Bg4 5. h3 Bxf3 6. Qxf3 e6 7. Qb3 Qc7 8. Nd2 a5 9. a4 Ne7 10. c3 c5 11. Nf3 Nec6 12. Be3 cxd4 13. cxd4 Bb4+ 14. Nd2 0-0 15. Bb5 f6 16. exf6 Bxd2+ 17. Kxd2 Nd7 18. Rac1 Nxf6 19. Bd3 Rac8 20. Rc5 e5 21. g3 exd4 22. Bf4 Qf7 23. Rf1 Nd7 24. Rb5 Nb4 25. Bd6 Nxd3 26. Qxd3 Rfe8 27. Rxb7 Qe6 28. Qb5 d3 0-1

[Event "MNE-ch 76th"]
[Site "Podgorica"]
[Date "2024.02.14"]
[Round "10"]
[White "Nikac, Predrag"]
[Black "Vujovic, Savo"]
[Result "0-1"]
[WhiteElo "2304"]
[BlackElo "2137"]
[PlyCount "70"]
[EventDate "2024.02.06"]
[EventType "swiss"]
[EventRounds "11"]
[EventCountry "MNE"]
[SourceTitle "CBM 218 Extra"]
[Source "ChessBase"]
[SourceDate "2024.03.31"]
[SourceVersion "1"]
[SourceVersionDate "2024.03.31"]
[SourceQuality "1"]

1. e4 e5 2. Nf3 Nc6 3. Bc4 Bc5 4. 0-0 Nf6 5. d3 a6 6. Be3 d6 7. a4 Bg4 8. Nbd2 0-0 9. h3 Bh5 10. Re1 Nd4 11. Bxd4 Bxd4 12. c3 Ba7 13. Nf1 c6 14. Ng3 Bg6 15. a5 Nh5 16. Nxh5 Bxh5 17. g4 Bg6 18. Kg2 d5 19. Bb3 dxe4 20. dxe4 Qf6 21. Qe2 Rad8 22. Rad1 h5 23. Ng1 Qf4 24. Qf3 Rxd1 25. Bxd1 Qd2 26. Qe2 Rd8 27. gxh5 Bxe4+ 28. f3 Qg5+ 29. Kh1 Rd2 30. fxe4 Rxe2 31. Bxe2 Qg3 32. Nf3 Qxh3+ 33. Nh2 Bf2 34. Bg4 Qh4 35. Re2 Qg3 0-1

[Event "EU-chT 24th"]
[Site "Budva"]
[Date "2023.11.20"]
[Round "9.18"]
[White "Nikac, Predrag"]
[Black "Grant, Jonathan"]
[Result "1-0"]
[WhiteElo "2296"]
[BlackElo "2150"]
[PlyCount "85"]
[EventDate "2023.11.11"]
[EventType "team-swiss"]
[EventRounds "9"]
[EventCountry "MNE"]
[SourceTitle "CBM 217 Extra"]
[Source "ChessBase"]
[SourceDate "2024.01.31"]
[SourceVersion "1"]
[SourceVersionDate "2024.01.31"]
[SourceQuality "1"]
[WhiteTeam "Montenegro III"]
[BlackTeam "Scotland"]
[WhiteTeamCountry "MNE"]
[BlackTeamCountry "SCO"]

1. e4 c6 2. d4 d5 3. e5 Bf5 4. h4 h5 5. c4 e6 6. Nc3 Be7 7. Nge2 Nh6 8. cxd5 cxd5 9. Ng3 Bg6 10. Nxh5 Qb6 11. Nxg7+ Kf8 12. h5 Be4 13. f3 Kxg7 14. fxe4 dxe4 15. Bxh6+ Kxh6 16. Nxe4 Qxb2 17. Qc1+ Qxc1+ 18. Rxc1 Nc6 19. Ba6 Nxe5 20. dxe5 bxa6 21. Rf1 Bb4+ 22. Ke2 Rac8 23. Rf6+ Kxh5 24. g4+ Kxg4 25. Rg1+ Kh3 26. Rf2 Rc2+ 27. Kd3 Rxf2 28. Nxf2+ Kh2 29. Rh1+ Kg2 30. Rxh8 Kxf2 31. Rh7 Kf3 32. Rxf7+ Kg4 33. Ke4 Kg5 34. Rxa7 a5 35. Ra6 Kg6 36. Rxe6+ Kf7 37. Ra6 Ke7 38. Kd5 Kd7 39. Ra7+ Ke8 40. Ke6 Kf8 41. Kd7 Kg7 42. e6 Kf6 43. Rxa5 1-0

[Event "WchT Seniors 50"]
[Site "Struga"]
[Date "2023.09.27"]
[Round "8.4"]
[White "Arkell, Keith C"]
[Black "Nikac, Predrag"]
[Result "1/2-1/2"]
[WhiteElo "2352"]
[BlackElo "2275"]
[PlyCount "63"]
[EventDate "2023.09.19"]
[EventType "team-swiss"]
[EventRounds "9"]
[EventCountry "MKD"]
[SourceTitle "CBM 216 Extra"]
[Source "ChessBase"]
[SourceDate "2023.11.30"]
[SourceVersion "1"]
[SourceVersionDate "2023.11.30"]
[SourceQuality "1"]
[WhiteTeam "England 50"]
[BlackTeam "Montenegro 50"]
[WhiteTeamCountry "ENG"]
[BlackTeamCountry "MNE"]

1. d4 g6 2. c4 f5 3. Nf3 Nf6 4. g3 Bg7 5. Bg2 d6 6. Nc3 0-0 7. 0-0 Nc6 8. Re1 Ne4 9. Nxe4 fxe4 10. Ng5 Nxd4 11. Nxe4 c6 12. e3 Nf5 13. Qb3 Qb6 14. Qc2 a5 15. Rb1 a4 16. Bd2 Qa6 17. Bf1 Be6 18. Ng5 Bd7 19. Bc3 Bxc3 20. bxc3 Ra7 21. e4 Ng7 22. e5 Bf5 23. Bd3 d5 24. Rb4 h6 25. Nf3 Bxd3 26. Qxd3 dxc4 27. Qe4 c5 28. Rb2 a3 29. Rd2 b5 30. Nh4 Kh7 31. Red1 Qe6 32. Rd8 1/2-1/2

[Event "WchT Seniors 50"]
[Site "Struga"]
[Date "2023.09.21"]
[Round "3.4"]
[White "Hewson, Brian Wr"]
[Black "Nikac, Predrag"]
[Result "0-1"]
[WhiteElo "2023"]
[BlackElo "2275"]
[PlyCount "94"]
[EventDate "2023.09.19"]
[EventType "team-swiss"]
[EventRounds "9"]
[EventCountry "MKD"]
[SourceTitle "CBM 216 Extra"]
[Source "ChessBase"]
[SourceDate "2023.11.30"]
[SourceVersion "1"]
[SourceVersionDate "2023.11.30"]
[SourceQuality "1"]
[WhiteTeam "England 50 III"]
[BlackTeam "Montenegro 50"]
[WhiteTeamCountry "ENG"]
[BlackTeamCountry "MNE"]

1. d4 g6 2. e4 c6 3. Nf3 d5 4. exd5 cxd5 5. Bd3 Bg7 6. 0-0 Nf6 7. Bf4 0-0 8. h3 Nc6 9. c3 Ne4 10. Nbd2 Nd6 11. Re1 f6 12. Qb3 Nf7 13. Bb5 e6 14. Bg3 Na5 15. Qa3 a6 16. Bf1 Nc6 17. Rad1 Re8 18. c4 Bf8 19. c5 e5 20. dxe5 fxe5 21. Ne4 Be6 22. Bc4 dxc4 23. Rxd8 Rexd8 24. Qa4 Be7 25. Bh4 Bxh4 26. Nxh4 Rd3 27. Nf3 Rad8 28. Nfg5 Nxg5 29. Nxg5 Bd5 30. Ne4 Rd4 31. Nc3 Be6 32. Qc2 Nb4 33. Qe2 Nd3 34. Rf1 Bf5 35. c6 bxc6 36. g4 Nf4 37. Qxe5 Nxh3+ 38. Kh2 Rxg4 39. Qe7 Rd3 40. Qe8+ Kg7 41. Re1 Ng5 42. Re7+ Kh6 43. Re3 Nf3+ 44. Rxf3 Rxf3 45. Qf8+ Kh5 46. Qg7 h6 47. Nd1 Rg5 0-1

[Event "FIDE Disabilities Olym"]
[Site "Belgrade"]
[Date "2023.02.02"]
[Round "?"]
[White "Bursuc, Mihai"]
[Black "Nikac, Predrag"]
[Result "0-1"]
[WhiteElo "1823"]
[BlackElo "2285"]
[PlyCount "66"]
[EventDate "2023.01.30"]
[EventType "team-swiss"]
[EventRounds "6"]
[EventCountry "SRB"]
[SourceTitle "CBM 212 Extra"]
[Source "ChessBase"]
[SourceDate "2023.03.31"]
[SourceVersion "1"]
[SourceVersionDate "2023.03.31"]
[SourceQuality "1"]
[WhiteTeam "Romania"]
[BlackTeam "Montenegro"]
[WhiteTeamCountry "ROU"]
[BlackTeamCountry "MNE"]

1. e4 c5 2. Nf3 Nc6 3. Bb5 g6 4. Bxc6 bxc6 5. 0-0 Bg7 6. d3 d6 7. h3 e5 8. c3 Ne7 9. d4 cxd4 10. cxd4 exd4 11. Nxd4 d5 12. exd5 Qxd5 13. Ne2 0-0 14. Nbc3 Qa5 15. Bd2 Rd8 16. Qc1 Nf5 17. Ne4 Qe5 18. N4c3 Ba6 19. Re1 Rd7 20. Bf4 Qa5 21. Rd1 Rad8 22. Rxd7 Rxd7 23. Ng3 Nxg3 24. Bxg3 Qb4 25. Qe3 Re7 26. Qd2 Qd4 27. Qxd4 Bxd4 28. Rd1 c5 29. Rd2 f5 30. Nd5 Re1+ 31. Kh2 Bc4 32. Nc3 g5 33. f4 Rf1 0-1

[Event "Djenovici TS03 IM"]
[Site "Djenovici"]
[Date "2022.03.20"]
[Round "2"]
[White "Mamatov, Melis"]
[Black "Nikac, Predrag"]
[Result "1-0"]
[WhiteElo "2193"]
[BlackElo "2317"]
[PlyCount "43"]
[EventDate "2022.03.19"]
[EventType "tourn"]
[EventRounds "9"]
[EventCountry "MNE"]
[EventCategory "1"]
[SourceTitle "CBM 207 Extra"]
[Source "ChessBase"]
[SourceDate "2022.05.31"]
[SourceVersion "1"]
[SourceVersionDate "2022.05.31"]
[SourceQuality "1"]

1. e4 c5 2. Nc3 Nc6 3. Bb5 g6 4. b3 Bg7 5. Bb2 d6 6. f4 Nf6 7. Qe2 0-0 8. Bxc6 bxc6 9. Nf3 Nh5 10. g3 f5 11. e5 h6 12. 0-0-0 Rb8 13. d4 Qa5 14. dxc5 Ba6 15. Qe3 dxc5 16. Rd7 Rb7 17. Rhd1 Rxd7 18. Rxd7 Bc8 19. Rxe7 Rd8 20. Nh4 g5 21. Qe2 Kf8 22. Ng6+ 1-0

[Event "MNT-ch 74th"]
[Site "Podgorica"]
[Date "2022.02.20"]
[Round "2"]
[White "Djokovic, Mirsad"]
[Black "Nikac, Predrag"]
[Result "0-1"]
[WhiteElo "2147"]
[BlackElo "2317"]
[PlyCount "52"]
[EventDate "2022.02.19"]
[EventType "swiss"]
[EventRounds "9"]
[EventCountry "MNE"]
[SourceTitle "EXT 2023"]
[Source "ChessBase"]
[SourceDate "2022.10.05"]
[SourceVersion "1"]
[SourceVersionDate "2022.10.05"]
[SourceQuality "1"]

1. e4 c5 2. Nf3 Nc6 3. d4 cxd4 4. Nxd4 e5 5. Nb5 d6 6. N1c3 a6 7. Na3 b5 8. Nd5 Nge7 9. g3 Nxd5 10. Qxd5 Qc7 11. c3 Be7 12. Be3 0-0 13. Nc2 Bb7 14. Qd3 f5 15. Bg2 f4 16. Bc1 a5 17. Qxb5 Ba6 18. Qd5+ Kh8 19. Qd2 Bg5 20. f3 d5 21. exd5 e4 22. dxc6 Rae8 23. Bf1 exf3+ 24. Kd1 Be2+ 25. Ke1 f2+ 26. Kxf2 fxg3+ 0-1

[Event "Mediterranean-ch 11th"]
[Site "Petrovac"]
[Date "2021.06.20"]
[Round "2"]
[White "Nikac, Predrag"]
[Black "Budisavljevic, Luka"]
[Result "0-1"]
[WhiteElo "2337"]
[BlackElo "2513"]
[PlyCount "66"]
[EventDate "2021.06.19"]
[EventType "swiss"]
[EventRounds "9"]
[EventCountry "MNE"]
[SourceTitle "CBM 203 Extra"]
[Source "ChessBase"]
[SourceDate "2021.09.30"]
[SourceVersion "1"]
[SourceVersionDate "2021.09.30"]
[SourceQuality "1"]

1. e4 c5 2. Nf3 e6 3. d4 cxd4 4. Nxd4 Nc6 5. Be2 Nf6 6. Nc3 Qc7 7. 0-0 a6 8. Kh1 Nxd4 9. Qxd4 Bc5 10. Qd2 b5 11. Qg5 0-0 12. e5 Ne8 13. Bf4 d5 14. Bd3 b4 15. Ne2 a5 16. Ng3 Ba6 17. Nh5 Qe7 18. Qg3 Kh8 19. Rae1 Bxd3 20. Qxd3 Qh4 21. Qf3 Ra6 22. Bg3 Qe7 23. Nf4 Rc6 24. Re2 Rg8 25. c4 bxc3 26. Qxc3 Qa7 27. Rc2 Nc7 28. Qd3 Qb6 29. Rfc1 Na6 30. a3 Rgc8 31. Ne2 Be7 32. f3 h6 33. Bf2 Qxf2 0-1